Deuda Nacional de los Estados Unidos y la Política exterior de Reagan

Guardado en:
Bibliografiske detaljer
Format: Texto
Udgivet: México D.F.: Programa de Estudio Relaciones México Estados Unidos
Tags: Tilføj Tag
Ingen Tags, Vær først til at tagge denne postø!

MARC

LEADER 00000 a a2200000 04500
001 25151
003
040
090 |a 182300  
245 |a Deuda Nacional de los Estados Unidos y la Política exterior de Reagan  
260 |a México D.F.:   |b Programa de Estudio Relaciones México Estados Unidos  
300 |a 6 p.  
999 |c 7229  |d 7229